[Event "I Open Sociale Caissa"]
[Site "Napoli ITA"]
[Date "2015.06.04"]
[Round "1"]
[White "Gatto, Lucio"]
[Black "Di Giovine, Massimo"]
[WhiteElo "2082"]
[BlackElo "1690"]
[Result "1-0"]
[PlyCount "35"]
[EventDate "2015.06.04"]

1. e4 c5 2. d4 cxd4 3. c3 dxc3 4. Nxc3 Nc6 5. Nf3 g6 6. Bc4 Bg7 7. O-O e6 8.
Nb5 Bf8 9. Bf4 d6 10. Bxd6 Bxd6 11. Nxd6+ Ke7 12. e5 Nh6 13. Qe2 Qc7 14. Qe3
Nf5 15. Qg5+ Kf8 16. Qf6 Rg8 17. Ng5 Nd8 18. Nxh7# 1-0

[Event "I Open Sociale Caissa"]
[Site "Napoli ITA"]
[Date "2015.06.04"]
[Round "1"]
[White "Messina, Enrico"]
[Black "Caiazzo, Diego"]
[WhiteElo "2127"]
[BlackElo "1697"]
[Result "1-0"]
[PlyCount "85"]
[EventDate "2015.06.04"]

1. e4 c6 2. c4 d5 3. exd5 cxd5 4. cxd5 Nf6 5. Nc3 a6 6. Qb3 Nbd7 7. d4 g6 8. g3
Bg7 9. Bg2 O-O 10. Nge2 Nb6 11. O-O Nh5 12. Be3 Rb8 13. a4 Nd7 14. Rac1 Qb6 15.
Qa2 Qb4 16. g4 Nhf6 17. h3 Nb6 18. Bf4 Ra8 19. Rc2 Rd8 20. a5 Nc4 21. Nd1 Nd6
22. Bd2 Qb5 23. Nf4 Nfe4 24. Nc3 Nxc3 25. Bxc3 Qd7 26. Re1 Nb5 27. Rce2 Re8 28.
Qc4 Nd6 29. Qc5 Bf8 30. Bb4 Qd8 31. Qc3 Bd7 32. Bc5 Bb5 33. Re5 Rc8 34. b3 Qd7
35. Bf3 Rc7 36. Qb4 Nc8 37. d6 exd6 38. Rxe8 dxc5 39. dxc5 Ne7 40. R1xe7 Qxe7
41. Rxe7 Bxe7 42. Nd5 Bxc5 43. Qxb5 1-0

[Event "I Open Sociale Caissa"]
[Site "Napoli ITA"]
[Date "2015.06.04"]
[Round "1"]
[White "Minopoli, Francesco"]
[Black "Buiano, Fabio"]
[WhiteElo "1652"]
[BlackElo "2065"]
[Result "0-1"]
[PlyCount "62"]
[EventDate "2015.06.04"]

1. c4 b6 2. Nc3 Bb7 3. e4 e6 4. Nf3 Nf6 5. d3 d5 6. e5 d4 7. Nb1 Ng4 8. Bf4 Nc6
9. h3 Nh6 10. Nbd2 Nf5 11. Be2 Be7 12. O-O h5 13. Ne4 h4 14. Qc1 Qd7 15. c5 f6
16. cxb6 axb6 17. Ned2 Rg8 18. Re1 g5 19. exf6 Bxf6 20. Bh2 O-O-O 21. Ne4 Qg7
22. Nxf6 Qxf6 23. Bf1 g4 24. hxg4 Rxg4 25. Ne5 Nxe5 26. Bxe5 Qf7 27. Qc4 Rdg8
28. Bxc7 Rxg2+ 29. Bxg2 Rxg2+ 30. Kf1 Ne3+ 31. Rxe3 Qxf2# 0-1

[Event "I Open Sociale Caissa"]
[Site "Napoli ITA"]
[Date "2015.06.04"]
[Round "1"]
[White "Somma, Erminio"]
[Black "Nardiello, Luigi"]
[WhiteElo "1512"]
[BlackElo "1900"]
[Result "0-1"]
[PlyCount "68"]
[EventDate "2015.06.04"]

1. Nf3 Nf6 2. d4 c5 3. c3 d5 4. e3 Nc6 5. Nbd2 cxd4 6. cxd4 Bf5 7. a3 Qa5 8.
Qb3 O-O-O 9. Qc3 Qxc3 10. bxc3 Nd7 11. c4 e6 12. cxd5 exd5 13. Bb2 Nb6 14. Ne5
Nxe5 15. dxe5 Kb8 16. a4 Bb4 17. Ba3 Bc3 18. Ra2 Bb1 19. Bd6+ Rxd6 20. exd6
Bxa2 21. Bb5 Nc4 22. Bxc4 Bxc4 23. Kd1 Bxd2 24. Kxd2 Rd8 25. Rc1 f5 26. a5 Rxd6
27. Rb1 a6 28. f4 Rc6 29. Rb4 Rc5 30. Ra4 Kc7 31. g4 Rb5 32. Kc3 Rb3+ 33. Kd4
Kd6 34. Ra1 Rd3# 0-1

[Event "I Open Sociale Caissa"]
[Site "Napoli ITA"]
[Date "2015.06.04"]
[Round "1"]
[White "Spano, Angelo Salvatore"]
[Black "Solombrino, Giovanni"]
[WhiteElo "1452"]
[BlackElo "1831"]
[Result "0-1"]
[PlyCount "98"]
[EventDate "2015.06.04"]

1. e4 c5 2. Bc4 Nc6 3. Nf3 g6 4. Nc3 Bg7 5. d3 d6 6. Bf4 Nf6 7. Rb1 O-O 8. O-O
Bg4 9. h3 Bxf3 10. Qxf3 Nd4 11. Qd1 a6 12. Ne2 Nc6 13. Qd2 b5 14. Bd5 Rc8 15.
Rfd1 Nxd5 16. exd5 Nb4 17. a3 Nxd5 18. Bh6 Qc7 19. Bxg7 Kxg7 20. b4 cxb4 21.
axb4 Qxc2 22. Nd4 Qxd2 23. Rxd2 e5 24. Ne2 Nc3 25. Ra1 Nxe2+ 26. Rxe2 Rc3 27.
Rxa6 Rxd3 28. Rb6 Rd5 29. f3 Rc8 30. Kh2 Rc4 31. Rb2 Kf6 32. g4 Ke6 33. Rb8
Rdd4 34. Rxb5 Kd7 35. Rb7+ Rc7 36. Rxc7+ Kxc7 37. b5 Kb6 38. Kg3 Rd5 39. h4
Rxb5 40. Rxb5+ Kxb5 41. h5 d5 42. Kf2 d4 43. Ke2 Kc4 44. Kd2 f5 45. hxg6 hxg6
46. gxf5 gxf5 47. Ke2 Kc3 48. Kd1 Kd3 49. Ke1 Ke3 0-1

[Event "I Open Sociale Caissa"]
[Site "Napoli ITA"]
[Date "2015.06.04"]
[Round "1"]
[White "Vecchione, Anna Pia"]
[Black "Auletta, Angelo"]
[WhiteElo "1722"]
[BlackElo "2129"]
[Result "0-1"]
[PlyCount "84"]
[EventDate "2015.06.04"]

1. e4 c5 2. Nf3 d6 3. d4 cxd4 4. Nxd4 Nf6 5. Nc3 a6 6. Bg5 e6 7. f4 Qb6 8. Nb3
Nbd7 9. Qe2 Qc7 10. O-O-O Be7 11. g4 h6 12. Bxf6 Nxf6 13. Bg2 e5 14. f5 b5 15.
h4 b4 16. Nd5 Nxd5 17. exd5 a5 18. Be4 a4 19. Nd2 Rb8 20. Nf3 b3 21. a3 bxc2
22. Rd2 Bd7 23. Rxc2 Qb7 24. Rh2 Bd8 25. g5 Ba5 26. gxh6 Rxh6 27. Qg2 Kf8 28.
Nd2 Bb5 29. Nc4 Bd8 30. h5 Qa7 31. Qf2 Qxf2 32. Rhxf2 Ke7 33. Rh2 Kd7 34. Kb1
Bg5 35. Nd2 Bf4 36. Rh1 Rc8 37. Rxc8 Kxc8 38. Kc2 Kb7 39. Bf3 Rh8 40. Nb1 Rc8+
41. Nc3 Bc4 42. Rd1 Bb3+ 0-1

[Event "I Open Sociale Caissa"]
[Site "Napoli ITA"]
[Date "2015.06.11"]
[Round "2"]
[White "Auletta, Angelo"]
[Black "De Rosa, Francesco"]
[WhiteElo "2129"]
[BlackElo "1971"]
[Result "1-0"]
[PlyCount "67"]
[EventDate "2015.06.04"]

1. e4 c5 2. Ne2 Nc6 3. Nbc3 Nf6 4. g3 d5 5. exd5 Nxd5 6. Bg2 Nc7 7. O-O e5 8.
f4 Bd6 9. Ne4 O-O 10. f5 f6 11. d3 Nd4 12. g4 Nxe2+ 13. Qxe2 Rb8 14. Be3 b6 15.
c4 Be7 16. h4 Bb7 17. Rad1 Ne8 18. g5 Nd6 19. Qg4 Qd7 20. g6 hxg6 21. Qxg6 Qe8
22. Qg4 Kh7 23. h5 Rh8 24. Kf2 Bxe4 25. Bxe4 Nxe4+ 26. dxe4 Rb7 27. Rg1 Qf7 28.
Rd5 Rc8 29. Qh4 Bf8 30. h6 gxh6 31. Rg6 Bg7 32. Bxh6 Kg8 33. Rxg7+ Qxg7 34.
Bxg7 1-0

[Event "I Open Sociale Caissa"]
[Site "Napoli ITA"]
[Date "2015.06.11"]
[Round "2"]
[White "Baltzopoulos, Giorgos"]
[Black "Buonanno, Raffaele"]
[WhiteElo "2002"]
[BlackElo "1704"]
[Result "1-0"]
[PlyCount "97"]
[EventDate "2015.06.04"]

1. d4 d5 2. c4 e5 3. dxe5 d4 4. Nf3 Nc6 5. Bg5 Nge7 6. Nbd2 h6 7. Bh4 g5 8. Bg3
Ng6 9. h3 Be6 10. Qa4 Qd7 11. O-O-O Bg7 12. e3 dxe3 13. Ne4 Qe7 14. fxe3 Bd7
15. Qb3 O-O-O 16. Nc3 Ncxe5 17. Nd5 Qc5 18. Be2 Be6 19. Kb1 c6 20. e4 Kb8 21.
Nb4 Ka8 22. Rc1 Rd7 23. Rhf1 Rhd8 24. Bf2 Qe7 25. Qa4 c5 26. Nd5 Bxd5 27. cxd5
b6 28. Bb5 Rc7 29. Rfd1 Qf6 30. Rd2 Bf8 31. Nd4 Rdc8 32. Nc6 Bd6 33. Rc3 Ne7
34. Nxe5 Bxe5 35. Rf3 Qg7 36. d6 Rb7 37. dxe7 Rxe7 38. Rfd3 Bc7 39. Ra3 Bf4 40.
Rd7 Rxd7 41. Bxd7 Rc7 42. Rd3 Qf6 43. Bg4 Qe7 44. e5 Bxe5 45. Bf3+ Kb8 46. Qe4
Rb7 47. Rd8+ Kc7 48. Qxb7+ Kxd8 49. Qa8+ 1-0

[Event "I Open Sociale Caissa"]
[Site "Napoli ITA"]
[Date "2015.06.11"]
[Round "2"]
[White "Buiano, Fabio"]
[Black "Esposito, Rosario"]
[WhiteElo "2065"]
[BlackElo "1825"]
[Result "1-0"]
[PlyCount "37"]
[EventDate "2015.06.04"]

1. e4 c5 2. Nc3 Nc6 3. f4 g6 4. Nf3 Bg7 5. Bb5 e6 6. Bxc6 bxc6 7. e5 d5 8. exd6
Qxd6 9. d3 Nf6 10. O-O Nd5 11. Ne4 Qe7 12. Qe2 O-O 13. Qf2 c4 14. dxc4 Nf6 15.
Ne5 Bb7 16. Be3 Qc7 17. Bc5 Rfd8 18. Qh4 Nd7 19. Qe7 1-0

[Event "I Open Sociale Caissa"]
[Site "Napoli ITA"]
[Date "2015.06.11"]
[Round "2"]
[White "Cocchia, Umberto"]
[Black "Baccelliere, Donato"]
[WhiteElo "1840"]
[BlackElo "1458"]
[Result "1-0"]
[PlyCount "44"]
[EventDate "2015.06.04"]

1. e4 c5 2. Nf3 d6 3. d4 cxd4 4. Nxd4 Nf6 5. Nc3 a6 6. f4 e6 7. Be2 Be7 8. O-O
O-O 9. Be3 Nbd7 10. Bf3 b5 11. e5 dxe5 12. Nc6 Qe8 13. Nxe7+ Kh8 14. Qd6 exf4
15. Bxa8 fxe3 16. Bc6 Qd8 17. Nxc8 Qxc8 18. Bxd7 Nxd7 19. Rad1 Rd8 20. Rxf7 Rg8
21. Rxd7 Qf8 22. Qxf8 Rxf8 1-0

[Event "I Open Sociale Caissa"]
[Site "Napoli ITA"]
[Date "2015.06.11"]
[Round "2"]
[White "Cuccaro, Giuseppina"]
[Black "Freda, Guido"]
[WhiteElo "1374"]
[BlackElo "1578"]
[Result "1-0"]
[PlyCount "77"]
[EventDate "2015.06.04"]

1. d4 d5 2. c4 e6 3. Nc3 Nf6 4. Bg5 h6 5. Bh4 Be7 6. Nf3 Nc6 7. e3 a6 8. Bd3
O-O 9. O-O dxc4 10. Bxc4 b5 11. Bd3 Bb7 12. Bxf6 Bxf6 13. Bc2 Nb4 14. Bb1 Bxf3
15. Qxf3 c6 16. a3 Nd5 17. Rd1 Rc8 18. Qe4 g6 19. Qg4 Bg5 20. Nxd5 exd5 21. Bd3
f5 22. Qh3 Kg7 23. f4 Bf6 24. Rac1 a5 25. Rd2 Qd6 26. g4 fxg4 27. Qxg4 Be7 28.
Rg2 Rf6 29. Qxc8 Re6 30. Re1 Bh4 31. Ree2 g5 32. Bf5 Rf6 33. Qd7+ Qxd7 34. Bxd7
Kh7 35. fxg5 Bxg5 36. e4 Bc1 37. e5 Rf4 38. Bxc6 Rxd4 39. Re1 1-0

[Event "I Open Sociale Caissa"]
[Site "Napoli ITA"]
[Date "2015.06.11"]
[Round "2"]
[White "Di Giovine, Massimo"]
[Black "Somma, Erminio"]
[WhiteElo "1690"]
[BlackElo "1512"]
[Result "1-0"]
[PlyCount "67"]
[EventDate "2015.06.04"]

1. d4 f5 2. c4 Nf6 3. Nc3 g6 4. Nf3 d6 5. e3 Bg7 6. Bd3 O-O 7. O-O Qe8 8. Re1
e5 9. e4 fxe4 10. Nxe4 Nxe4 11. Bxe4 Kh8 12. Rb1 c6 13. dxe5 dxe5 14. b3 Bf5
15. Qc2 Nd7 16. Bb2 Bxe4 17. Qxe4 Rf5 18. Qe3 Qb8 19. Rbd1 Qc7 20. Ng5 Re8 21.
Ne4 Ref8 22. f3 Rh5 23. Ng3 Bh6 24. Qd3 Qb6+ 25. Kh1 Nc5 26. Bxe5+ Rxe5 27. Qd4
Nd7 28. Qxd7 Rxe1+ 29. Rxe1 Qf2 30. Re2 Qb6 31. Qe7 a5 32. Ne4 Qd4 33. Nd6 Bd2
34. Qxf8# 1-0

[Event "I Open Sociale Caissa"]
[Site "Napoli ITA"]
[Date "2015.06.11"]
[Round "2"]
[White "Esposito, Luigi"]
[Black "Vecchione, Anna Pia"]
[WhiteElo "1350"]
[BlackElo "1722"]
[Result "0-1"]
[PlyCount "116"]
[EventDate "2015.06.04"]

1. Nf3 Nf6 2. g3 g6 3. Bg2 Bg7 4. d3 d5 5. Nbd2 O-O 6. O-O Nbd7 7. e4 dxe4 8.
dxe4 Ng4 9. Re1 Nge5 10. Nxe5 Nxe5 11. h3 Be6 12. Nf3 Qxd1 13. Rxd1 Nxf3+ 14.
Bxf3 Bxh3 15. Kh2 Be6 16. c3 Rad8 17. Bf4 c6 18. Bc7 Rc8 19. Ba5 b6 20. Bb4 c5
21. Ba3 Rfd8 22. Be2 f5 23. exf5 Bxf5 24. Ba6 Rb8 25. Re1 Kf8 26. Rad1 Bc2 27.
Rc1 Rd2 28. Re2 Rbd8 29. Rxc2 Rxc2 30. Rxc2 Kf7 31. c4 Rd3 32. b3 Be5 33. Bc1
h5 34. Bg5 Rd4 35. Kh3 Rg4 36. f4 Bf6 37. Bc8 e6 38. Re2 Bxg5 39. fxg5 Rxg5 40.
Bxe6+ Kf6 41. Bc8 h4 42. gxh4 Rh5 43. Rf2+ Ke7 44. Re2+ Kd8 45. Bg4 Rh7 46. Re5
Rf7 47. h5 gxh5 48. Bxh5 Rf2 49. Re8+ Kd7 50. a3 Rb2 51. Re3 Kc7 52. Re7+ Kb8
53. Bf3 Rxb3 54. Rb7+ Kc8 55. Rxa7 Rxf3+ 56. Kg4 Rc3 57. Ra6 Rxc4+ 58. Kf5 Kb7
0-1

[Event "I Open Sociale Caissa"]
[Site "Napoli ITA"]
[Date "2015.06.11"]
[Round "2"]
[White "Fortuna, Armando"]
[Black "Spano, Angelo Salvatore"]
[WhiteElo "1608"]
[BlackElo "1452"]
[Result "1-0"]
[PlyCount "55"]
[EventDate "2015.06.04"]

1. e4 g6 2. d4 Bg7 3. Nf3 e6 4. c4 Ne7 5. Nc3 b6 6. e5 Bb7 7. Bg5 h6 8. Bh4 d6
9. Be2 O-O 10. Qc2 Nbc6 11. Rd1 Qe8 12. Ne4 dxe5 13. d5 Nb4 14. Qd2 Nxa2 15.
Bf6 exd5 16. Bxg7 Kxg7 17. Ng3 dxc4 18. Nxe5 Rd8 19. Qe3 Rxd1+ 20. Bxd1 Bxg2
21. Rg1 Bd5 22. Nh5+ Kh7 23. Nf6+ Kg7 24. Nxe8+ Rxe8 25. Ng4 Rh8 26. Qe5+ f6
27. Qxf6+ Kg8 28. Qxe7 1-0

[Event "I Open Sociale Caissa"]
[Site "Napoli ITA"]
[Date "2015.06.11"]
[Round "2"]
[White "Nardiello, Luigi"]
[Black "Gatto, Lucio"]
[WhiteElo "1900"]
[BlackElo "2082"]
[Result "0-1"]
[PlyCount "78"]
[EventDate "2015.06.04"]

1. e4 c6 2. d4 d5 3. Nc3 dxe4 4. Nxe4 Nf6 5. Nxf6+ gxf6 6. Nf3 Rg8 7. Bf4 Bf5
8. Qd2 Qd5 9. Be3 Nd7 10. b3 Nb6 11. Qe2 Qe4 12. O-O-O Nd5 13. Kb2 O-O-O 14.
Bc1 Qxe2 15. Bxe2 Rxg2 16. Rhf1 Be4 17. Nd2 Nf4 18. Bf3 Bxf3 19. Nxf3 Ng6 20.
h4 e6 21. h5 Ne7 22. Bf4 Rg4 23. Bg3 Nf5 24. c3 Nxg3 25. fxg3 Rxg3 26. Nd2 Be7
27. Kb1 f5 28. Nf3 Rdg8 29. Kc2 Rg2+ 30. Kb1 R8g3 31. Ne5 Rxc3 32. Rg1 Rcc2 33.
Rxg2 Rxg2 34. Nxf7 Bf6 35. Nd6+ Kd7 36. Nxb7 Re2 37. Nc5+ Kd6 38. b4 Kd5 39.
Nd3 Re4 0-1

[Event "I Open Sociale Caissa"]
[Site "Napoli ITA"]
[Date "2015.06.11"]
[Round "2"]
[White "Pellegrino, Carlo"]
[Black "Angelotti, Mario"]
[WhiteElo "1542"]
[BlackElo "1694"]
[Result "0-1"]
[PlyCount "100"]
[EventDate "2015.06.04"]

1. d4 Nf6 2. c4 g6 3. Nc3 d5 4. cxd5 Nxd5 5. e4 Nxc3 6. bxc3 Bg7 7. Bc4 O-O 8.
Ne2 c6 9. h4 b5 10. Bb3 Qc7 11. h5 Bb7 12. hxg6 hxg6 13. Nf4 c5 14. Nxg6 c4 15.
Qh5 fxg6 16. Qh7+ Kf7 17. Rh6 Bxe4 18. Bd1 Rh8 19. Qxh8 Bxh8 20. Rxh8 Kg7 21.
Rh4 Bxg2 22. Bf4 Qc6 23. Be5+ Kf7 24. Rh7+ Ke8 25. Rh8+ Kd7 26. Bg4+ e6 27.
Rh7+ Kc8 28. Rc7+ Qxc7 29. Bxc7 Kxc7 30. f3 Nc6 31. Kf2 Bxf3 32. Kxf3 Rf8+ 33.
Ke3 Kd6 34. Rb1 a6 35. Bf3 g5 36. Rg1 Rg8 37. Rg4 e5 38. Bxc6 exd4+ 39. Kxd4
Kxc6 40. Ke5 Kb6 41. Kd5 Rd8+ 42. Ke4 Rd3 43. Rxg5 Rxc3 44. Rg6+ Ka5 45. Rc6
Ra3 46. Kd4 Rxa2 47. Kc3 b4+ 48. Kxc4 Rc2+ 49. Kd5 Rxc6 50. Kxc6 b3 0-1

[Event "I Open Sociale Caissa"]
[Site "Napoli ITA"]
[Date "2015.06.11"]
[Round "2"]
[White "Pellegrino, Giovanni"]
[Black "Minopoli, Francesco"]
[WhiteElo "1420"]
[BlackElo "1652"]
[Result "1/2-1/2"]
[PlyCount "31"]
[EventDate "2015.06.04"]

1. d4 Nf6 2. c4 g6 3. Nc3 Bg7 4. e4 d6 5. Nge2 O-O 6. Ng3 e5 7. d5 Na6 8. Be2
Ne8 9. h4 c6 10. h5 Qf6 11. hxg6 fxg6 12. Be3 Nac7 13. Bg4 Bxg4 14. Qxg4 Qf7
15. Rd1 Nf6 16. Qe2 1/2-1/2

[Event "I Open Sociale Caissa"]
[Site "Napoli ITA"]
[Date "2015.06.11"]
[Round "2"]
[White "Radice, Mario"]
[Black "Guglielmi, Domenico Donato"]
[WhiteElo "1882"]
[BlackElo "1620"]
[Result "1-0"]
[PlyCount "79"]
[EventDate "2015.06.04"]

1. b3 b6 2. Bb2 Bb7 3. f4 Nc6 4. Nf3 e6 5. e3 f5 6. Na3 Nf6 7. Bd3 Bd6 8. Qe2
a5 9. Nc4 Bc5 10. a3 Rg8 11. O-O-O Qe7 12. Kb1 Ba6 13. Ka2 h6 14. Nce5 Bxd3 15.
Qxd3 Nxe5 16. Nxe5 g5 17. g3 Ng4 18. Qe2 Nxe5 19. fxe5 Qf7 20. Rhf1 Qg6 21. Qc4
c6 22. g4 Rf8 23. Qd3 b5 24. Rf3 h5 25. gxf5 exf5 26. Rdf1 Qe6 27. Rxf5 Rxf5
28. Rxf5 Be7 29. h4 O-O-O 30. hxg5 Rf8 31. Rxf8+ Bxf8 32. Qh7 Qg4 33. Qh8 Qxg5
34. Qxf8+ Kc7 35. Qd6+ Kc8 36. Qf8+ Kc7 37. Qf6 Qg4 38. Bd4 h4 39. Qd6+ Kc8 40.
Bb6 1-0

[Event "I Open Sociale Caissa"]
[Site "Napoli ITA"]
[Date "2015.06.11"]
[Round "2"]
[White "Solombrino, Giovanni"]
[Black "Ficco, Corrado"]
[WhiteElo "1831"]
[BlackElo "2035"]
[Result "0-1"]
[PlyCount "94"]
[EventDate "2015.06.04"]

1. e4 c5 2. Nf3 e6 3. d4 cxd4 4. Nxd4 Nf6 5. Nc3 Nc6 6. a3 a6 7. Be3 Qc7 8. Be2
Be7 9. g4 h6 10. f4 d5 11. e5 Ne4 12. Nxe4 dxe4 13. c3 Bh4+ 14. Bf2 Bxf2+ 15.
Kxf2 O-O 16. Ke3 Bd7 17. h4 Rad8 18. g5 Nxe5 19. fxe5 Qxe5 20. Qg1 f5 21. gxf6
Rxf6 22. Rf1 Rdf8 23. Rxf6 Rxf6 24. Qg4 Qc5 25. Rg1 Rf7 26. Qxe4 e5 27. Bd3 Bf5
28. b4 exd4+ 29. Qxd4 Qe7+ 30. Be4 Bxe4 31. Qxe4 Qd7 32. Qc4 Qh3+ 33. Kd4 Qxh4+
34. Kd3 Qh3+ 35. Kd4 Qh4+ 36. Kd3 Qh3+ 37. Kd4 Qf3 38. Qc8+ Kh7 39. Rg4 h5 40.
Re4 Rf4 41. Rxf4 Qxf4+ 42. Kd3 Qf3+ 43. Kc2 Qe4+ 44. Kd2 h4 45. Qc5 Qg2+ 46.
Kd3 Qg6+ 47. Kc4 Qc6 0-1

[Event "I Open Sociale Caissa"]
[Site "Napoli ITA"]
[Date "2015.06.11"]
[Round "2"]
[White "Supino, Domenico"]
[Black "Messina, Enrico"]
[WhiteElo "2021"]
[BlackElo "2127"]
[Result "0-1"]
[PlyCount "82"]
[EventDate "2015.06.04"]

1. d4 Nf6 2. c4 c5 3. d5 e5 4. Nc3 d6 5. e4 Be7 6. Bd3 Nbd7 7. Nge2 Nf8 8. Ng3
g6 9. h4 h5 10. Nf1 a6 11. g3 Rb8 12. a4 b6 13. f4 exf4 14. Bxf4 Ng4 15. Ne3
Nxe3 16. Bxe3 Bf6 17. O-O Nd7 18. Qf3 O-O 19. Bh6 Bd4+ 20. Kg2 Ne5 21. Qe2 Bg4
22. Qd2 Qd7 23. Bxf8 Bh3+ 24. Kh1 Bxf1 25. Bxf1 Rxf8 26. Qe2 Kg7 27. Nd1 Qg4
28. Kg2 f5 29. exf5 Rxf5 30. Qxg4 hxg4 31. Be2 g5 32. hxg5 Kg6 33. Ra3 Kxg5 34.
Rb3 Nd7 35. Ne3 Re5 36. Kf2 Nf6 37. Bd1 Ne4+ 38. Kg2 Nd2 39. Nxg4 Re1 40. Rd3
Rxd1 41. Nh2 Nxc4 0-1

[Event "I Open Sociale Caissa"]
[Site "Napoli ITA"]
[Date "2015.06.11"]
[Round "2"]
[White "Zinnai, Graziano Matteo"]
[Black "Taurisano, Vincenzo"]
[WhiteElo "2085"]
[BlackElo "1872"]
[Result "1-0"]
[PlyCount "59"]
[EventDate "2015.06.04"]

1. e4 e6 2. d4 d5 3. Nd2 dxe4 4. Nxe4 Nd7 5. Bd3 Ngf6 6. Ng5 Bd6 7. Ne2 c5 8.
O-O b6 9. Nf4 Bxf4 10. Bxf4 O-O 11. Bd6 h6 12. Qf3 hxg5 13. Bxf8 Nd5 14. c4
Kxf8 15. cxd5 Bb7 16. Qh5 Qf6 17. dxe6 fxe6 18. Rae1 Qxd4 19. Re3 Nf6 20. Qxg5
Rd8 21. Rfe1 Bd5 22. Rh3 Kg8 23. Bh7+ Kf8 24. Bc2 Kg8 25. Rd1 Qxb2 26. Bh7+ Kf8
27. Bg6 Qe2 28. Rh8+ Ke7 29. Bh5 Qe4 30. Qxg7+ 1-0

[Event "I Open Sociale Caissa"]
[Site "Napoli ITA"]
[Date "2015.06.15"]
[Round "3"]
[White "Angelotti, Mario"]
[Black "Nardiello, Luigi"]
[WhiteElo "1694"]
[BlackElo "1900"]
[Result "0-1"]
[PlyCount "98"]
[EventDate "2015.06.04"]

1. e4 c5 2. Nc3 Nc6 3. f4 a6 4. a4 e6 5. Nf3 d5 6. e5 Nh6 7. d4 cxd4 8. Nxd4
Nxd4 9. Qxd4 Nf5 10. Qf2 Qc7 11. Bd3 Bc5 12. Qf3 Nd4 13. Qg4 g6 14. Bd2 h5 15.
Qg3 Qe7 16. Be3 Nxc2+ 17. Bxc2 d4 18. Ne4 dxe3 19. Nf6+ Kf8 20. Rd1 Bb4+ 21.
Ke2 Bd2 22. Ne4 Bd7 23. Nxd2 exd2 24. Rxd2 Kg7 25. Rhd1 Rhd8 26. Rd6 Bc6 27.
Qd3 Bd5 28. Qa3 Qh4 29. Qg3 Qxg3 30. hxg3 Rxd6 31. exd6 Rd8 32. Ke3 Rxd6 33.
Be4 Kf6 34. Bxd5 Rxd5 35. Rxd5 exd5 36. a5 Ke6 37. Kd4 Kd6 38. g4 hxg4 39. g3
Ke6 40. Kc5 f5 41. b3 g5 42. fxg5 f4 43. Kd4 f3 44. Ke3 d4+ 45. Kf2 Kf5 46. b4
Kxg5 47. Ke1 Kf5 48. Kd2 Ke4 49. Ke1 Ke3 0-1

[Event "I Open Sociale Caissa"]
[Site "Napoli ITA"]
[Date "2015.06.15"]
[Round "3"]
[White "Baccelliere, Donato"]
[Black "Minopoli, Francesco"]
[WhiteElo "1458"]
[BlackElo "1652"]
[Result "1/2-1/2"]
[PlyCount "102"]
[EventDate "2015.06.04"]

1. e4 c5 2. Nf3 g6 3. d4 cxd4 4. Nxd4 Bg7 5. Be3 Nc6 6. Be2 Nf6 7. Nc3 d6 8.
O-O O-O 9. f4 Bd7 10. f5 Ne5 11. Nf3 Neg4 12. Bd2 Qb6+ 13. Kh1 Nf2+ 14. Rxf2
Qxf2 15. Be1 Qb6 16. Nd4 Nxe4 17. Nf3 Nxc3 18. bxc3 Bxf5 19. Rb1 Qc7 20. c4 b6
21. a4 Bg4 22. Bd3 Rac8 23. h3 Be6 24. Nd2 Bc3 25. Bh4 Rfe8 26. Ne4 Bg7 27. Nd2
Qd7 28. Qf3 f5 29. Re1 Bf7 30. Rf1 e5 31. Be2 Qc6 32. Qb3 d5 33. Nf3 dxc4 34.
Qc3 e4 35. Nd4 Qxa4 36. Qe3 Qd7 37. Rd1 Bxd4 38. Rxd4 Qb7 39. Qh6 Be6 40. Bf6
Qf7 41. Be5 Red8 42. Qd2 Rxd4 43. Qxd4 Qd7 44. Qc3 b5 45. h4 Qf7 46. Qb4 a6 47.
Bf4 Qd7 48. Bh6 Kf7 49. Qc3 Rg8 50. Bg5 Ke8 51. Qe5 Qc8 1/2-1/2

[Event "I Open Sociale Caissa"]
[Site "Napoli ITA"]
[Date "2015.06.15"]
[Round "3"]
[White "Caiazzo, Diego"]
[Black "Esposito, Luigi"]
[WhiteElo "1697"]
[BlackElo "1350"]
[Result "1-0"]
[PlyCount "53"]
[EventDate "2015.06.04"]

1. e4 d6 2. d4 Nf6 3. Bd3 g6 4. Nf3 Bg7 5. c3 O-O 6. O-O Nbd7 7. Qe2 e5 8. dxe5
dxe5 9. Rd1 Qe8 10. Nbd2 a6 11. b3 b6 12. Bb2 Bb7 13. c4 c5 14. Bc2 Nh5 15. g3
Qe7 16. Rac1 Rfd8 17. Nb1 Nhf6 18. Nc3 Nf8 19. Nd5 Qd6 20. Bxe5 Qe6 21. Nc7 Qh3
22. Bxf6 Bxf6 23. Nxa8 Rxa8 24. Rd6 Nd7 25. Rcd1 Rd8 26. Rxf6 Bc6 27. Rxc6 1-0

[Event "I Open Sociale Caissa"]
[Site "Napoli ITA"]
[Date "2015.06.15"]
[Round "3"]
[White "Cuccaro, Giuseppina"]
[Black "Fortuna, Armando"]
[WhiteElo "1374"]
[BlackElo "1608"]
[Result "0-1"]
[PlyCount "138"]
[EventDate "2015.06.04"]

1. c4 Nf6 2. Nc3 g6 3. g3 d6 4. Bg2 Bg7 5. Nf3 c5 6. e4 Nbd7 7. O-O O-O 8. Re1
Ng4 9. h3 Nge5 10. b3 a6 11. d4 Nxf3+ 12. Qxf3 cxd4 13. Nd5 e6 14. Nb4 Ne5 15.
Qd1 Qb6 16. Nd3 Rd8 17. Bb2 Bd7 18. Nf4 Nxc4 19. bxc4 Qxb2 20. Nd3 Qb6 21. Rb1
Qa7 22. e5 Bc6 23. Bf1 Rac8 24. exd6 Rxd6 25. Ne5 Rcd8 26. Nxc6 bxc6 27. Rb3 e5
28. Qb1 Qd7 29. Rb7 Qf5 30. Qb6 e4 31. c5 Rd5 32. Qxc6 Rxc5 33. Qxa6 Rc2 34.
Re2 Rxe2 35. Bxe2 d3 36. Bg4 Qc5 37. Rb1 e3 38. fxe3 Qxe3+ 39. Kg2 Be5 40. Bf3
Qd2+ 41. Kg1 Bxg3 42. Bg2 Qe3+ 43. Kh1 d2 44. Qf1 Qe1 45. Bf3 Re8 46. Kg2 Qxf1+
47. Rxf1 Re1 48. a4 Bc7 49. Kf2 Bb6+ 50. Kg2 Kf8 51. Bd1 Ke7 52. Bc2 Rxf1 53.
Kxf1 Kd6 54. Ke2 Ba5 55. Kd3 Ke5 56. Kc4 Kf4 57. Kb5 Bd8 58. a5 Bxa5 59. Kxa5
Kg3 60. Kb4 Kf2 61. Kc3 Ke1 62. Kd4 d1=Q+ 63. Bxd1 Kxd1 64. Ke5 f5 65. Kf4 Ke2
66. h4 Kf2 67. Kg5 Kg3 68. h5 f4 69. hxg6 hxg6 0-1

[Event "I Open Sociale Caissa"]
[Site "Napoli ITA"]
[Date "2015.06.15"]
[Round "3"]
[White "De Rosa, Francesco"]
[Black "Cocchia, Umberto"]
[WhiteElo "1971"]
[BlackElo "1840"]
[Result "1-0"]
[PlyCount "115"]
[EventDate "2015.06.04"]

1. e4 d5 2. Nc3 dxe4 3. Nxe4 Bf5 4. Ng3 Bg6 5. d4 e6 6. h4 h6 7. h5 Bh7 8. Nf3
Nd7 9. Bf4 Ngf6 10. c4 Bb4+ 11. Bd2 Bd6 12. Bc3 Bxg3 13. fxg3 Ne4 14. g4 Nxc3
15. bxc3 c6 16. Bd3 Qc7 17. O-O Bxd3 18. Qxd3 Qg3 19. Ne5 Qxd3 20. Nxd3 O-O 21.
Rab1 Rab8 22. Rb2 b5 23. Rfb1 a6 24. Nb4 bxc4 25. Nxc6 Rxb2 26. Rxb2 Nf6 27.
Rb4 Nxg4 28. Rxc4 Ne3 29. Ne7+ Kh7 30. Rc6 Re8 31. Rc7 Rb8 32. Kf2 Nd5 33. Nxd5
exd5 34. Rxf7 Rb2+ 35. Kf3 Rxa2 36. Rc7 a5 37. Rc5 Rc2 38. Rxa5 Rxc3+ 39. Kf4
g5+ 40. hxg6+ Kxg6 41. Rxd5 Rc2 42. Rd6+ Kg7 43. Kf3 Rc3+ 44. Kg4 h5+ 45. Kh4
Rc2 46. g3 Rh2+ 47. Kg5 Rg2 48. Rg6+ Kf7 49. Kxh5 Rh2+ 50. Kg5 Rg2 51. Rf6+ Ke7
52. Rf3 Rd2 53. Rf4 Ke6 54. g4 Rd3 55. Kg6 Ra3 56. g5 Kd5 57. Kg7 Ra7+ 58. Kh6
1-0

[Event "I Open Sociale Caissa"]
[Site "Napoli ITA"]
[Date "2015.06.15"]
[Round "3"]
[White "Esposito, Rosario"]
[Black "Solombrino, Giovanni"]
[WhiteElo "1825"]
[BlackElo "1831"]
[Result "1-0"]
[PlyCount "69"]
[EventDate "2015.06.04"]

1. d4 Nf6 2. c4 g6 3. Nc3 d5 4. Bf4 Bg7 5. e3 O-O 6. cxd5 Nxd5 7. Nxd5 Qxd5 8.
Bxc7 Nc6 9. Ne2 Bg4 10. h3 Rac8 11. hxg4 Rxc7 12. Nc3 Qa5 13. Be2 Rfc8 14. O-O
a6 15. a3 e6 16. Ne4 Qd5 17. Bf3 Qd8 18. Nc3 b5 19. Ne4 Bf8 20. b4 f5 21. gxf5
gxf5 22. Nc5 Bxc5 23. bxc5 Ne7 24. Qb3 Nd5 25. Bxd5 Qxd5 26. Qxd5 exd5 27. g3
Kf7 28. Kg2 Ke6 29. Rh1 Rg7 30. Rh6+ Rg6 31. Rxh7 Rc6 32. Rah1 Kf6 33. R1h6 Kg5
34. Rxg6+ Kxg6 35. Rb7 1-0

[Event "I Open Sociale Caissa"]
[Site "Napoli ITA"]
[Date "2015.06.15"]
[Round "3"]
[White "Ficco, Corrado"]
[Black "Zinnai, Graziano Matteo"]
[WhiteElo "2035"]
[BlackElo "2085"]
[Result "0-1"]
[PlyCount "54"]
[EventDate "2015.06.04"]

1. e4 c5 2. Nf3 a6 3. c4 Nc6 4. d4 cxd4 5. Nxd4 Nf6 6. Nc3 e5 7. Nf5 d6 8. Ne3
Be6 9. Be2 Be7 10. Ned5 Rc8 11. Be3 Nd7 12. O-O O-O 13. Qd2 f5 14. exf5 Bxf5
15. Rad1 Nf6 16. Nxe7+ Qxe7 17. Qxd6 Qf7 18. Qd2 Rfd8 19. Qc1 Nd4 20. b3 b5 21.
Bxd4 exd4 22. Qf4 Qd7 23. Rd2 d3 24. Rfd1 b4 25. Bxd3 bxc3 26. Bxf5 Qxd2 27.
Rxd2 cxd2 0-1